Lake quiz - Statistics

General Stats
  • This quiz has been taken 32 times
    9 since last reset
  • The average score is 8 of 17
Answer Stats
Hint Answer % Correct
Largest Great Lake Lake Superior
100%
Lake on the border between Peru and bolivia Lake Titicaca
100%
Largest lake in the world Caspian Sea
86%
Largest lake in Africa Lake Victoria
71%
Lake that the capital of Utah is named after Great Salt Lake
57%
Second largest lake completely inside Canada Great Slave Lake
57%
Deepest lake in the world Lake Baikal
57%
Tourism hotspot in western Hungary Lake Balaton
43%
Bordered by Nigeria, Cameroon, and the country it is named after Lake Chad
43%
Largest lake in Central America Lake Nicaragua
43%
Largest lake located completely inside Canada Great Bear Lake
29%
Tourism site in the Julian Alps of Slovenia Lake Bled
29%
Largest European freshwater lake and a town in Wisconsin Lake Geneva
29%
Reservoir Created by the Hoover Dam Lake Mead
29%
Found in Northern Kenya, it is the world's largest Alkaline lake Lake Turkana
14%
Lake north of Alma-ata Lake Balkhash
0%
Largest lake in Australia Lake Eyre
0%
No matching quizzes found
Score Distribution
Percent of People with Each Score
Percentile by Number Answered
Your Score History
You have not taken this quiz since the last reset